000
00183nam a22000977a 4500
040
_c
SK
082
_a
301
245
_a
សង្គម
260
_a
RUA
_b
ហ៊ីង
_c
2002
942
_c
KB
999
_c
8541
_d
8541